| 000 | 00798nam a22002057a 4500 | ||
|---|---|---|---|
| 999 |
_c7388 _d7388 |
||
| 005 | 20211104132600.0 | ||
| 008 | 211104b ||||| |||| 00| 0 eng d | ||
| 020 | _a9788418818455 | ||
| 040 | _aCDMR | ||
| 100 | 1 |
_91251 _aDíaz Nosty, Bernardo |
|
| 245 |
_aPeriodistas en el punto de mira : _bmedio siglo de secuestros y asesinatos en América Latina / _cBernardo Díaz Nosty |
||
| 260 |
_aSevilla : _bRenacimiento, _c2021 |
||
| 300 |
_a390 pàgines ; _c24 cm |
||
| 500 | _aBibliografia. Índice de asesinatos y desaparecidos (1970-2019) | ||
| 650 | 0 |
_91574 _aLlibertat d'informació _zAmèrica Llatina |
|
| 650 | 0 |
_93725 _aPeriodistes _zAmèrica Llatina |
|
| 650 | 0 |
_91255 _aPeriodistes perseguits _zAmèrica Llatina |
|
| 650 | 0 |
_91582 _aLlibertat d'impremta _zAmèrica Llatina |
|
| 942 |
_2udc _cMON |
||